[Event "Metz op 20th"]
[Site "Metz"]
[Date "2002.04.20"]
[Round "8"]
[White "Froehlich, Peter"]
[Black "Degraeve, Jean Marc"]
[Result "0-1"]
[WhiteElo "2433"]
[BlackElo "2591"]
[PlyCount "72"]
[EventDate "2002.04.13"]
[Source "ChessBase"]
[SourceDate "2002.05.03"]

1. e3 g6 2. d4 Bg7 3. Nf3 d6 4. Be2 Nd7 5. O-O e5 6. c4 Ngf6 7. Nc3 O-O 8. b4 Re8 9. Qc2 e4 10. Nd2 Qe7 11. a4 Nf8 12. Nd5 Nxd5 13. cxd5 Bf5 14. Ra3 Rac8 15. Qa2 Qg5 16. Kh1 Nd7 17. f4 exf3 18. Bxf3 Rxe3 19. Nb3 Rxf3 20. Rxf3 Qh5 21. Nd2 Nf6 22. Nf1 Be4 23. Ng3 Qh4 24. Rf4 Ng4 25. Nf1 g5 26. Rxe4 Nf2+ 27. Qxf2 Qxf2 28. Rf3 Qc2 29. Re1 h6 30. Ne3 Qxa4 31. Nf5 Re8 32. Ref1 Qxb4 33. Be3 Qb5 34. Nxg7 Kxg7 35. Rxf7+ Kg8 36. Bg1 Qxd5 0-1

[Event "Haifa"]
[Site "Haifa ISR"]
[Date "1993.??.??"]
[Round "?"]
[White "Kosashvili, Yona"]
[Black "Huzman, Alexander"]
[Result "1/2-1/2"]
[WhiteElo "2490"]
[BlackElo "2510"]
[PlyCount "47"]
[EventDate "1993.??.??"]
[Source "www.chesslib.no"]
[SourceDate "2004.05.04"]

1. e3 g6 2. f4 Bg7 3. Nf3 d6 4. d4 Nf6 5. Be2 O-O 6. O-O c5 7. c4 d5 8. dxc5 dxc4 9. Qxd8 Rxd8 10. Bxc4 Ne4 11. Nbd2 Nxc5 12. e4 Nd3 13. e5 Nc6 14. Ne4 Na5 15. Bxd3 Rxd3 16. b3 b6 17. Ba3 Bb7 18. Rfe1 Nc6 19. Nf2 Rxf3 20. gxf3 Nd4 21. Kf1 Nc2 22. Bxe7 Bh6 23. Nh3 Bxf3 24. Rac1 1/2-1/2

[Event "otb"]
[Site "otb"]
[Date "2007.03.11"]
[Round "2"]
[White "Krapivin Alexander"]
[Black "Romanov Evgeny"]
[Result "0-1"]
[WhiteElo "2478"]
[BlackElo "2501"]
[PlyCount "54"]
[Source "www.chesslib.no"]
[SourceDate "2004.05.04"]

1. e3 Nf6 2. f4 c5 3. Nf3 Nc6 4. d4 g6 5. c3 Bg7 6. Bd3 d6 7. O-O O-O 8. Qe2 e5 9. dxe5 dxe5 10. e4 Nh5 11. f5 Nf4 12. Bxf4 exf4 13. Na3 Re8 14. Qc2 a6 15. Rad1 Qc7 16. Qf2 Ne7 17. Qh4 gxf5 18. Bc4 h6 19. Qh5 Be6 20. Bxe6 fxe6 21. Nc4 Rad8 22. Rd6 fxe4 23. Nfe5 Rf8 24. Rfd1 Nd5 25. Rxe6 f3 26. Rf1 Nf4 27. Qg4 h5 0-1

[Event "Moscow RUS"]
[Site "?"]
[Date "2004.02.18"]
[Round "2"]
[White "Blatny Pavel"]
[Black "Hasangatin Ramil"]
[Result "0-1"]
[WhiteElo "2452"]
[BlackElo "2515"]
[PlyCount "45"]
[EventDate "2004.??.??"]
[Source "www.chesslib.no"]
[SourceDate "2004.05.04"]

1. e3 e5 2. b3 Nf6 3. Bb2 d6 4. Ne2 h5 5. d4 Qe7 6. dxe5 dxe5 7. Nec3 Bg4 8. f3 Be6 9. Na3 a6 10. Nc4 Nc6 11. a4 Rd8 12. Qc1 e4 13. Ba3 Qd7 14. Bxf8 Kxf8 15. f4 Qe7 16. Nd2 Qc5 17. Ndxe4 Qb4 18. Kf2 Nxe4+ 19. Nxe4 Qxe4 20. Bd3 Qb4 21. a5 Qc3 22. f5 Nb4 23. fxe6 0-1

[Event "Pardubice Open"]
[Site "Pardubice CZE"]
[Date "1993.??.??"]
[Round "4"]
[White "Donchev, Dimitar I"]
[Black "Stripunsky, Alexander"]
[Result "1/2-1/2"]
[WhiteElo "2485"]
[BlackElo "2470"]
[PlyCount "113"]
[EventDate "1993.07.??"]
[Source "www.chesslib.no"]
[SourceDate "2004.05.04"]

1. e3 Nf6 2. Nf3 b6 3. b3 g6 4. Bb2 Bg7 5. Be2 Bb7 6. O-O d6 7. d4 O-O 8. c4 Nbd7 9. Nc3 e6 10. Qc2 Qe7 11. Rac1 a6 12. Rfd1 c5 13. dxc5 Nxc5 14. Nd4 e5 15. Nf3 Rfd8 16. b4 Nce4 17. Nd5 Bxd5 18. cxd5 Nxf2 19. Kxf2 Ng4+ 20. Kg1 Nxe3 21. Qb3 Nxd1 22. Bxd1 Rac8 23. Rc6 Rxc6 24. dxc6 d5 25. a4 b5 26. axb5 axb5 27. Qe3 d4 28. Qe4 Qxb4 29. c7 Rf8 30. Qc6 e4 31. c8=Q exf3 32. gxf3 Qe1+ 33. Kg2 Qd2+ 34. Kh3 Be5 35. Qxf8+ Kxf8 36. Qc5+ Kg8 37. Qxe5 Qxb2 38. Be2 Qc3 39. Qxb5 Qe3 40. Kg2 Kg7 41. Bc4 Qd2+ 42. Kh3 Qf4 43. Qd5 g5 44. Kg2 Qd2+ 45. Kf1 Qd1+ 46. Kf2 Qd2+ 47. Be2 Qf4 48. Kg2 h5 49. Qe4 Qxe4 50. fxe4 Kf6 51. Bd3 Ke5 52. Kf3 f6 53. h3 Kd6 54. Bc4 Ke5 55. Bd3 Kd6 56. Bb5 Ke5 57. Bd3 1/2-1/2

[Event "Moscow RUS"]
[Site "?"]
[Date "2004.02.20"]
[Round "4"]
[White "Blatny Pavel"]
[Black "Lahno Kateryna"]
[Result "0-1"]
[WhiteElo "2452"]
[BlackElo "2493"]
[PlyCount "108"]
[EventDate "2004.??.??"]
[Source "www.chesslib.no"]
[SourceDate "2004.05.04"]

1. e3 e5 2. b3 Nf6 3. Bb2 Nc6 4. Bb5 Bd6 5. Be2 O-O 6. d3 Bb4+ 7. Nd2 d5 8. a3 Bd6 9. c4 d4 10. e4 a5 11. h4 Nd7 12. g4 Nc5 13. Qc2 Rb8 14. Bc1 Qe7 15. Bf3 b5 16. Rb1 Be6 17. Ne2 Qd7 18. Ng3 bxc4 19. Nxc4 Bxg4 20. Qd1 f5 21. Be2 Bxe2 22. Qxe2 f4 23. Nf5 Rxf5 24. exf5 Qxf5 25. Nd2 Nxd3+ 26. Kf1 Nc5 27. Qc4+ Kh8 28. b4 axb4 29. axb4 Ne4 30. Rb3 Nxb4 31. Nxe4 Qxe4 32. f3 Qc6 33. Qxc6 Nxc6 34. Rxb8+ Nxb8 35. Rh2 Nd7 36. Ra2 h5 37. Ba3 Kg8 38. Bxd6 cxd6 39. Ra8+ Kf7 40. Rd8 Ke7 41. Rg8 Kf7 42. Rd8 Nf8 43. Rxd6 Ng6 44. Ke2 Nxh4 45. Kd3 Nf5 46. Ra6 Ng3 47. Kc4 h4 48. Kd5 h3 49. Ra2 d3 50. Kxe5 Ne2 51. Ra7+ Kg6 52. Ra6+ Kg5 53. Ra7 g6 54. Ra1 h2 0-1

[Event "Guernsey Open"]
[Site "Guernsey GCI"]
[Date "1991.??.??"]
[Round "3"]
[White "Bellin, Robert"]
[Black "Hodgson, Julian M"]
[Result "0-1"]
[WhiteElo "2385"]
[BlackElo "2545"]
[PlyCount "72"]
[EventDate "1991.??.??"]
[Source "www.chesslib.no"]
[SourceDate "2004.05.04"]

1. e3 g6 2. c4 Bg7 3. Nc3 Nf6 4. Nf3 O-O 5. Be2 c5 6. O-O d5 7. cxd5 Nxd5 8. Qb3 Nb4 9. d4 Be6 10. Qa4 Bd7 11. Qb3 Be6 12. Qa4 Nd5 13. Rd1 cxd4 14. Nxd4 Nxc3 15. bxc3 Bd7 16. Qb3 Qc7 17. Rb1 b6 18. Ba3 Nc6 19. Nb5 Qc8 20. h3 Re8 21. Bc4 Ne5 22. Bd5 Bc6 23. c4 a6 24. Nd4 Bxd5 25. cxd5 b5 26. Rbc1 Nc4 27. Nc6 Qd7 28. Bc5 e6 29. Nb4 Rac8 30. Nxa6 exd5 31. a4 Nb2 32. Qxb5 Qc6 33. Bd4 Qxb5 34. axb5 Nxd1 35. Rxc8 Rxc8 36. b6 Rc1 0-1

[Event "HZ Open"]
[Site "Vlissingen"]
[Date "2003.08.07"]
[Round "7"]
[White "Ernst, Sipke"]
[Black "Roeder, Matthias"]
[Result "1/2-1/2"]
[WhiteElo "2468"]
[BlackElo "2451"]
[PlyCount "74"]
[EventDate "2003.08.02"]
[Source "Roberto Alvarez"]
[SourceDate "2003.08.11"]

1. e3 g6 2. h4 h5 3. c4 Bg7 4. Nc3 c6 5. b4 Nf6 6. Bb2 O-O 7. Nf3 d5 8. d4 Bg4 9. Qb3 Bxf3 10. gxf3 e6 11. f4 Nbd7 12. Be2 a5 13. a3 axb4 14. axb4 Rxa1+ 15. Bxa1 dxc4 16. Bxc4 Nb6 17. Bd3 Nbd5 18. Ke2 b5 19. Ne4 Nxe4 20. Bxe4 Qd6 21. Bc3 Ra8 22. Bd2 Bf8 23. Rc1 Ra6 24. Rg1 Kh7 25. Qc2 f5 26. Bf3 Be7 27. Qd1 Qd7 28. Kf1 Qe8 29. Qb1 Qa8 30. Kg2 Ra2 31. Qc1 Bxh4 32. Rh1 Bf6 33. e4 fxe4 34. Bxe4 Kg7 35. f5 exf5 36. Bxd5 cxd5 37. Qc7+ Kg8 1/2-1/2

[Event "Open A"]
[Site "?"]
[Date "2005.07.30"]
[Round "9"]
[White "Blatny Pavel"]
[Black "Michenka Jozef"]
[Result "0-1"]
[WhiteElo "2533"]
[BlackElo "2370"]
[PlyCount "102"]
[EventDate "2005.??.??"]
[Source "www.chesslib.no"]
[SourceDate "2004.05.04"]

1. e3 d5 2. b3 Nf6 3. Bb2 g6 4. Ne2 Bg7 5. g3 O-O 6. Bg2 c5 7. c4 dxc4 8. bxc4 Nc6 9. O-O Be6 10. d3 Qd7 11. Nf4 Rac8 12. Qe2 Rfd8 13. Nc3 Bg4 14. f3 Bf5 15. Rfd1 e5 16. Nfd5 b6 17. g4 Be6 18. Nxf6+ Bxf6 19. Ne4 Bg7 20. Ng5 Re8 21. Nxe6 Rxe6 22. g5 Rd6 23. a3 Rd8 24. Bf1 h6 25. h4 hxg5 26. hxg5 Qe7 27. Qg2 e4 28. Bxg7 exf3 29. Qb2 Qxg5+ 30. Kh2 f6 31. Bxf6 Rxf6 32. Qf2 Kg7 33. Bh3 Qe5+ 34. Qg3 Qxe3 35. Re1 Qxd3 36. Qc7+ Kh6 37. Rh1 Qd2+ 38. Kg3 Qd6+ 39. Qxd6 Rdxd6 40. Rae1 Rd2 41. Re3 Kg5 42. Re4 Rd4 43. Re3 Rxc4 44. Be6 Rd4 45. Rf1 Rd6 46. Bg4 Nd4 47. Re5+ Nf5+ 48. Kxf3 Rd3+ 49. Ke2 Rxa3 50. Bf3 Re6 51. Rg1+ Kf4 0-1

[Event "Novgorod Open"]
[Site "Novgorod RUS"]
[Date "1995.??.??"]
[Round "2"]
[White "Ilinsky, Vladimir"]
[Black "Tseshkovsky, Vitaly V"]
[Result "0-1"]
[WhiteElo "2355"]
[BlackElo "2530"]
[PlyCount "116"]
[EventDate "1995.05.??"]
[Source "www.chesslib.no"]
[SourceDate "2004.05.04"]

1. e3 g6 2. f4 Bg7 3. Nf3 c5 4. d4 Nf6 5. c3 b6 6. Nbd2 O-O 7. Bd3 Bb7 8. O-O d6 9. Qe2 Nbd7 10. e4 cxd4 11. cxd4 e5 12. fxe5 dxe5 13. d5 Nc5 14. Bc4 b5 15. Bb3 Qb6 16. Kh1 Nh5 17. Bc2 Nf4 18. Qd1 f5 19. b4 Na6 20. a3 Nc7 21. Bb3 Kh8 22. Bb2 Nd3 23. Bc3 Rac8 24. Qc2 fxe4 25. Nxe4 Nxd5 26. Bxd5 Bxd5 27. Qxd3 Bxe4 28. Qxe4 Rxc3 29. Rfc1 Re3 30. Qh4 Qf6 31. Qxf6 Bxf6 32. Re1 Rxe1+ 33. Rxe1 Rd8 34. h3 Rd3 35. Nxe5 Rxa3 36. Nc6 Bh4 37. Rf1 Bg3 38. Kg1 a6 39. Rf3 Ra1+ 40. Rf1 Bh2+ 41. Kf2 Ra2+ 42. Kf3 Rc2 43. Na5 Bd6 44. Rb1 Be7 45. Rb3 Kg7 46. Ke4 Rxg2 47. Kd5 h5 48. Kc6 h4 49. Kb7 Rg3 50. Kxa6 g5 51. Rb1 Rxh3 52. Kxb5 g4 53. Nc4 Rc3 54. Re1 Bf6 55. Kc5 g3 56. b5 h3 57. b6 h2 58. b7 g2 0-1

[Event "Torneo Federal U-26m"]
[Site "Chapadmalal"]
[Date "2003.02.23"]
[Round "6.1"]
[White "Labollita, Martin"]
[Black "Flores, Diego"]
[Result "1-0"]
[WhiteElo "2420"]
[BlackElo "2439"]
[PlyCount "46"]
[EventDate "2003.02.21"]
[Source "Roberto Alvarez"]
[SourceDate "2003.03.03"]

1. e3 b6 2. b3 Bb7 3. Bb2 Nf6 4. Nf3 g6 5. Bxf6 exf6 6. d4 d5 7. Be2 Nd7 8. O-O Bd6 9. Nbd2 f5 10. g3 O-O 11. c4 Nf6 12. cxd5 Nxd5 13. Qc2 c5 14. Nc4 cxd4 15. Nxd4 Rc8 16. Bf3 a6 17. Nxf5 gxf5 18. Qxf5 Rc5 19. Qg4+ Kh8 20. Qd4+ f6 21. Rad1 Be5 22. Nxe5 fxe5 23. Qxe5+ Kg8 1-0

[Event "PWPW Chess Cup"]
[Site "?"]
[Date "2004.06.21"]
[Round "10"]
[White "Zielinska Marta"]
[Black "Radziewicz Iweta"]
[Result "0-1"]
[WhiteElo "2411"]
[BlackElo "2444"]
[PlyCount "106"]
[EventDate "2004.??.??"]
[Source "www.chesslib.no"]
[SourceDate "2004.05.04"]

1. e3 b6 2. Nf3 Bb7 3. b3 Nf6 4. Bb2 e6 5. a3 Be7 6. d4 c5 7. Nbd2 d6 8. Bd3 Nbd7 9. Qe2 cxd4 10. exd4 Nd5 11. g3 Rc8 12. c4 N5f6 13. O-O O-O 14. b4 Qc7 15. Rfc1 Qb8 16. a4 Rfe8 17. a5 bxa5 18. Rxa5 Bxf3 19. Nxf3 Bd8 20. Ra4 e5 21. dxe5 dxe5 22. Bf5 Bc7 23. c5 Rcd8 24. Qc4 h6 25. Bg6 Re7 26. Nh4 Nf8 27. Re1 Nxg6 28. Nxg6 Re6 29. f4 exf4 30. Rxe6 Rd1+ 31. Kg2 Rd2+ 32. Re2 Qa8+ 33. Kf2 Ng4+ 34. Ke1 Rxb2 35. Rxb2 Qe8+ 36. Qe2 Qxa4 37. Ne7+ Kf8 38. Rb1 Qd7 39. Nd5 Qxd5 40. Qxg4 Qe4+ 41. Kd2 f5 42. Qd1 fxg3 43. hxg3 Bxg3 44. Kc3 Be5+ 45. Kb3 f4 46. Qd8+ Kf7 47. Rd1 f3 48. Rd7+ Kg6 49. Qe8+ Kh7 50. Rf7 a6 51. Rf8 Qb1+ 52. Kc4 Qa2+ 53. Kd3 Qe2# 0-1

[Event "Katerini"]
[Site "Katerini"]
[Date "1992.??.??"]
[Round "?"]
[White "Bellin, Robert"]
[Black "Yrjola, Jouni"]
[Result "1/2-1/2"]
[WhiteElo "2385"]
[BlackElo "2460"]
[PlyCount "90"]
[EventDate "1992.??.??"]
[Source "www.chesslib.no"]
[SourceDate "2004.05.04"]

1. e3 g6 2. f4 Bg7 3. Nf3 c5 4. Be2 d6 5. O-O Nc6 6. Nc3 e5 7. fxe5 dxe5 8. Bc4 Nf6 9. e4 O-O 10. d3 h6 11. Be3 Qd6 12. Nd5 Nxd5 13. Bxd5 Ne7 14. Bc4 b6 15. Qd2 Kh7 16. Qf2 Be6 17. Bxe6 Qxe6 18. Qh4 f6 19. b3 Nc6 20. Rf2 Nd4 21. Raf1 Rac8 22. g4 Qd7 23. Kh1 g5 24. Qg3 Kg8 25. h4 Nxc2 26. Rxc2 Qxd3 27. Qf2 c4 28. bxc4 Qxe4 29. Re1 Qxg4 30. c5 bxc5 31. Rxc5 a6 32. Nh2 Qe6 33. Qg2 Rxc5 34. Bxc5 Rc8 35. Bg1 Rc4 36. hxg5 hxg5 37. Rd1 g4 38. Rb1 f5 39. Rb8+ Kh7 40. Rb6 Qc8 41. Qd5 Rc1 42. Rd6 Qe8 43. Rd8 Qc6 44. Rd6 Qxd5+ 45. Rxd5 Rc6 1/2-1/2

[Event "TCh-CZE Extraliga 2003-4"]
[Site "Czech Rep"]
[Date "2004.01.10"]
[Round "5"]
[White "Blatny, Pavel"]
[Black "Jaworski, Miroslaw"]
[Result "1-0"]
[WhiteElo "2452"]
[BlackElo "2387"]
[PlyCount "93"]
[EventDate "2004.01.08"]
[Source "Roberto Alvarez"]
[SourceDate "2004.04.05"]

1. e3 Nf6 2. b3 d5 3. Bb2 c6 4. f4 Bg4 5. Be2 Bxe2 6. Qxe2 Nbd7 7. d3 g6 8. g4 Bg7 9. h4 Rg8 10. Nd2 h5 11. g5 Ng4 12. Bxg7 Rxg7 13. Nh3 Qb6 14. d4 Qa5 15. Qd3 f5 16. O-O e6 17. c4 Nb6 18. c5 Nd7 19. Rfc1 Rc8 20. Kf1 b6 21. cxb6 axb6 22. Ng1 Nb8 23. a3 Qa6 24. Qxa6 Nxa6 25. Ke2 Ra7 26. Ngf3 Kd7 27. Ne1 Nc7 28. Nd3 Nb5 29. a4 Nd6 30. Nf3 Nf7 31. Ra2 Kd6 32. Rac2 Rac7 33. Nfe5 Ngxe5 34. fxe5+ Kd7 35. Nf4 Rg8 36. b4 Nd8 37. b5 Ra7 38. Rxc6 Nxc6 39. Rxc6 Rxa4 40. Rd6+ Kc7 41. Rxe6 Rd8 42. Rxg6 Kb7 43. Rd6 Rc8 44. Nxd5 Ra2+ 45. Kf3 Rc1 46. Rxb6+ Ka7 47. Ra6+ 1-0

[Event "Cartak CZE, Friendship GM 05"]
[Site "?"]
[Date "2005.06.24"]
[Round "8"]
[White "Vokac Marek"]
[Black "Jirka Jiri"]
[Result "1-0"]
[WhiteElo "2454"]
[BlackElo "2383"]
[PlyCount "75"]
[EventDate "2005.??.??"]
[Source "www.chesslib.no"]
[SourceDate "2004.05.04"]

1. e3 d5 2. b3 Nf6 3. Bb2 g6 4. c4 c6 5. Be2 Bg7 6. Nf3 O-O 7. O-O b6 8. d3 Bb7 9. Nc3 Nbd7 10. Qc2 Rc8 11. Rac1 e5 12. Qb1 a6 13. cxd5 cxd5 14. d4 e4 15. Nd2 Qe7 16. a4 Ne8 17. Nxd5 Qd6 18. Rxc8 Bxc8 19. Nc3 f5 20. Qc1 Qb8 21. Ba3 Rf7 22. Bc4 Ndf6 23. f3 Bh6 24. f4 Kg7 25. Bxf7 Kxf7 26. Nc4 Be6 27. Ne5+ Kg8 28. d5 Nxd5 29. Nxd5 Bxd5 30. Nc6 Qb7 31. Ne7+ Kf7 32. Nxd5 Qxd5 33. Qc4 Nf6 34. Rd1 Qxc4 35. bxc4 Ng4 36. Rd7+ Kg8 37. c5 Nxe3 38. c6 1-0

[Event "North American Open"]
[Site "Las Vegas"]
[Date "2003.12.27"]
[Round "2"]
[White "Blatny, Pavel"]
[Black "Saidy, Anthony F"]
[Result "1-0"]
[WhiteElo "2494"]
[BlackElo "2337"]
[PlyCount "77"]
[EventDate "2003.12.26"]
[Source "Roberto Alvarez"]
[SourceDate "2004.01.05"]

1. e3 e5 2. b3 Nf6 3. Bb2 d6 4. Ne2 Nc6 5. d3 Be6 6. g3 Qd7 7. h3 Be7 8. Bg2 O-O 9. Nd2 a5 10. a3 Rfe8 11. g4 h6 12. Ng3 d5 13. Qe2 Bd6 14. Kf1 Rad8 15. Kg1 Nh7 16. Ndf1 f6 17. Qd2 Bf7 18. Rd1 Bf8 19. h4 Be6 20. Nh2 b6 21. Bf3 Ne7 22. Qe2 c5 23. Qf1 a4 24. bxa4 Qxa4 25. Rd2 Qa5 26. Qd1 b5 27. c3 c4 28. Be2 Nc6 29. dxc4 bxc4 30. g5 fxg5 31. hxg5 Nxg5 32. Nf3 Nxf3+ 33. Bxf3 e4 34. Bh5 Re7 35. Rh2 Ne5 36. Nxe4 Nd3 37. Ng5 hxg5 38. Bg6 Bf5 39. Rh8+ 1-0

[Event "It (Open) Bar SCG"]
[Site "?"]
[Date "2006.03.19"]
[Round "2"]
[White "Panic Nenad"]
[Black "Kosic Dragan"]
[Result "1/2-1/2"]
[WhiteElo "2337"]
[BlackElo "2489"]
[PlyCount "56"]
[EventDate "2006.??.??"]
[Source "www.chesslib.no"]
[SourceDate "2004.05.04"]

1. e3 d5 2. f4 c6 3. b3 Nf6 4. Bb2 Bg4 5. Be2 Bxe2 6. Qxe2 Nbd7 7. d3 e6 8. Nf3 Qc7 9. Nbd2 Bd6 10. a3 O-O 11. e4 dxe4 12. dxe4 e5 13. Nc4 exf4 14. O-O-O Bc5 15. Nfe5 Nb6 16. Ng4 Ne8 17. Nh6+ Kh8 18. Qh5 Be3+ 19. Nxe3 fxe3 20. Rhf1 e2 21. Qxe2 f6 22. Ng4 Qe7 23. e5 Nd5 24. c4 Ndc7 25. h4 Kg8 26. Qf3 f5 27. Ne3 h6 28. h5 Ne6 1/2-1/2

[Event "Bonn GSK"]
[Site "Bonn"]
[Date "1993.??.??"]
[Round "?"]
[White "Roos, Thomas"]
[Black "Glek, Igor V"]
[Result "0-1"]
[WhiteElo "2280"]
[BlackElo "2545"]
[PlyCount "64"]
[EventDate "1993.??.??"]
[Source "www.chesslib.no"]
[SourceDate "2004.05.04"]

1. e3 g6 2. f4 Bg7 3. Nf3 Nf6 4. Be2 d5 5. O-O c5 6. d3 Nc6 7. Qe1 b6 8. a4 Ba6 9. Na3 O-O 10. c3 Na5 11. Nd2 Bb7 12. Nc2 Rc8 13. g4 c4 14. Nd4 cxd3 15. Bf3 Ne4 16. Bg2 e5 17. fxe5 Bxe5 18. N2f3 Bg7 19. Qd1 Nc4 20. Qxd3 Qd7 21. h3 Rfe8 22. b3 Ncd6 23. Bb2 Nc5 24. Qd2 Ba6 25. Rfd1 Bh6 26. Nc2 Nde4 27. Qxd5 Qxd5 28. Rxd5 Nxb3 29. Ra3 Nxc3 30. Bxc3 Rxc3 31. g5 Bf8 32. Ra2 Nc1 0-1

[Event "Jubilee Open SK Turm Kleve"]
[Site "?"]
[Date "1999.05.14"]
[Round "2"]
[White "Peters Andreas"]
[Black "Fridman Daniel"]
[Result "0-1"]
[WhiteElo "2295"]
[BlackElo "2529"]
[PlyCount "60"]
[EventDate "1999.??.??"]
[Source "www.chesslib.no"]
[SourceDate "2004.05.04"]

1. e3 g6 2. d4 Bg7 3. f4 Nf6 4. Nf3 O-O 5. Bc4 c5 6. d5 b5 7. Be2 Bb7 8. c4 d6 9. O-O Nbd7 10. a4 bxc4 11. Nc3 Nb6 12. e4 a5 13. Qc2 e6 14. dxe6 fxe6 15. e5 dxe5 16. Nxe5 Qd4+ 17. Kh1 Ne4 18. Nf3 Nxc3 19. Nxd4 cxd4 20. bxc3 d3 21. Bxd3 cxd3 22. Qb3 Rab8 23. Qxe6+ Kh8 24. Rb1 Nxa4 25. Ba3 Rg8 26. Rxb7 Rxb7 27. Qc6 Rgb8 28. Qxa4 Rb1 29. Kg1 d2 30. c4 Bd4+ 0-1

[Event "17th Belgrade Trophy"]
[Site "Obrenovac"]
[Date "2004.11.26"]
[Round "5"]
[White "Panic, Nenad"]
[Black "Mateuta, Gabriel"]
[Result "0-1"]
[WhiteElo "2347"]
[BlackElo "2472"]
[PlyCount "66"]
[EventDate "2004.11.22"]
[Source "Roberto Alvarez"]
[SourceDate "2004.11.29"]

1. e3 d5 2. f4 g6 3. Nf3 Bg7 4. Be2 c5 5. d4 Nc6 6. c3 Nf6 7. O-O O-O 8. Nbd2 Ng4 9. Nb1 b6 10. Ne1 Nf6 11. Nd2 Qc7 12. Ndf3 Rd8 13. Nd3 Ne4 14. Bd2 a5 15. Be1 Ba6 16. Bh4 a4 17. Ng5 a3 18. Nxe4 dxe4 19. Nf2 axb2 20. Rb1 cxd4 21. cxd4 Nxd4 22. exd4 Bxd4 23. Bxa6 Bxf2+ 24. Bxf2 Rxd1 25. Rfxd1 Rxa6 26. Rxb2 Qxf4 27. g3 Qc7 28. Rbd2 f6 29. Be3 Kf7 30. Rb1 Qc4 31. Rbb2 b5 32. Rd4 Qc3 33. Re2 Rxa2 0-1

[Event "Linares Anibal op 3rd"]
[Site "Linares"]
[Date "1996.??.??"]
[Round "?"]
[White "Rojas, Nicolas"]
[Black "Volzhin, Alexander"]
[Result "0-1"]
[WhiteElo "2330"]
[BlackElo "2485"]
[PlyCount "110"]
[EventDate "1996.01.??"]
[Source "ChessBase"]

1. e3 d5 2. d3 e5 3. c3 Nf6 4. b3 Nc6 5. a3 Bd6 6. f3 O-O 7. Ra2 Re8 8. Be2 a5 9. e4 h6 10. g4 dxe4 11. dxe4 Be6 12. a4 Nd7 13. Na3 Qh4+ 14. Kf1 Rad8 15. Nc4 Bc5 16. Qe1 Qe7 17. Rb2 Ba7 18. Nh3 h5 19. Ng5 hxg4 20. fxg4 Nc5 21. Qg3 Qf6+ 22. Kg2 Qg6 23. Qf3 Nxe4 24. Nxe6 fxe6 25. Rd1 Rxd1 26. Bxd1 Nd6 27. Bc2 Qf6 28. Qxf6 gxf6 29. Bg6 Rd8 30. h4 Bc5 31. Nxd6 cxd6 32. h5 Ba3 33. Rb1 Bxc1 34. Rxc1 Kg7 35. b4 d5 36. b5 Ne7 37. Bb1 Rc8 38. Ba2 Kh6 39. c4 dxc4 40. Rxc4 Rxc4 41. Bxc4 Nd5 42. Kf3 b6 43. Bb3 Nf4 44. Ke4 Kg7 45. Bc2 Nh3 46. Ke3 Ng5 47. Bg6 Nf7 48. Bc2 Kh6 49. Bb3 Nd8 50. Ke4 Kg5 51. Ba2 Nb7 52. Bxe6 Nc5+ 53. Kd5 Nxe6 54. Kxe6 e4 55. h6 Kg6 0-1

[Event "Cannes"]
[Site "?"]
[Date "1999.??.??"]
[Round "3"]
[White "Kovacevic Vladimir"]
[Black "Kazhgaleyev Murtas"]
[Result "0-1"]
[WhiteElo "2250"]
[BlackElo "2547"]
[PlyCount "76"]
[EventDate "1999.??.??"]
[Source "www.chesslib.no"]
[SourceDate "2004.05.04"]

1. e3 g6 2. d4 Bg7 3. Be2 Nf6 4. g4 d6 5. Nd2 c5 6. g5 Nd5 7. Bf3 Nc7 8. c3 Nc6 9. h4 cxd4 10. exd4 e5 11. d5 Ne7 12. Nc4 O-O 13. Ne3 Nf5 14. Ne2 Na6 15. Nxf5 Bxf5 16. Ng3 Nc5 17. Nxf5 gxf5 18. Be3 Rc8 19. Bg2 e4 20. Bh3 Nd3+ 21. Kf1 f4 22. Bxa7 Qa5 23. Bd4 Bxd4 24. cxd4 Rc7 25. Qe2 Qxd5 26. f3 Qxd4 27. fxe4 f3 28. Qd2 Qxe4 29. Rd1 Re8 30. Rh2 Qe2+ 31. Rxe2 fxe2+ 32. Kg2 exd1=Q 33. Qxd1 Rc2+ 34. Kf3 Rf2+ 35. Kg4 Re4+ 36. Kg3 Re3+ 37. Kg4 Rf4+ 38. Kh5 Rxh3 0-1

[Event "Novi Sad ol (Men)"]
[Site "Novi Sad YUG"]
[Date "1990.??.??"]
[Round "5"]
[White "Sursock, Sameer"]
[Black "Rogers, Ian"]
[Result "0-1"]
[WhiteElo "2270"]
[BlackElo "2515"]
[PlyCount "72"]
[EventDate "1990.11.??"]
[Source "www.chesslib.no"]
[SourceDate "2004.05.04"]

1. e3 g6 2. f4 Bg7 3. Nf3 d6 4. d4 Nd7 5. Bd3 e5 6. O-O Nh6 7. c3 exf4 8. exf4 O-O 9. Nbd2 Nf6 10. Ne4 Nxe4 11. Bxe4 Re8 12. Ng5 d5 13. Bd3 c5 14. dxc5 Qc7 15. b4 Bxc3 16. Rb1 Bxb4 17. Kh1 Bxc5 18. f5 Nxf5 19. g4 Nh6 20. Bf4 Qe7 21. h3 b6 22. Nf3 Nxg4 23. hxg4 Bxg4 24. Qd2 Be3 25. Qh2 d4 26. Ng5 Qb7+ 27. Be4 Rxe4 28. Qxh7+ Kf8 29. Bd6+ Ke8 30. Nxe4 Qxe4+ 31. Kh2 Be6 32. Rb5 Kd7 33. Bg3 Qc2+ 34. Kh1 Qc4 35. Rbb1 Qd5+ 36. Kh2 Qxa2+ 0-1

[Event "Corr"]
[Site "?"]
[Date "1995.12.30"]
[Round "?"]
[White "Vicanek Josef"]
[Black "Perea Montero Luis Antonio (E"]
[Result "0-1"]
[WhiteElo "2305"]
[BlackElo "2480"]
[PlyCount "48"]
[EventDate "1995.??.??"]
[Source "www.chesslib.no"]
[SourceDate "2004.05.04"]

1. e3 b6 2. b3 Bb7 3. Bb2 Nf6 4. c4 e6 5. Nc3 c5 6. Nf3 d5 7. cxd5 exd5 8. d4 a6 9. Bd3 Bd6 10. O-O O-O 11. Rc1 Re8 12. dxc5 bxc5 13. Na4 Nbd7 14. Bf5 Qe7 15. h3 Bc6 16. Nc3 Ne5 17. Nh2 Rab8 18. Ng4 Nexg4 19. Bxg4 Qe5 20. g3 d4 21. exd4 cxd4 22. Ne2 Qe4 23. Rxc6 Qxc6 24. Nxd4 Qb6 0-1

[Event "17th Belgrade Trophy"]
[Site "Obrenovac"]
[Date "2004.11.28"]
[Round "7"]
[White "Panic, Nenad"]
[Black "Milanovic, Danilo"]
[Result "0-1"]
[WhiteElo "2347"]
[BlackElo "2434"]
[PlyCount "111"]
[EventDate "2004.11.22"]
[Source "Roberto Alvarez"]
[SourceDate "2004.11.29"]

1. e3 g6 2. f4 Bg7 3. Nf3 d6 4. Bc4 d5 5. Bb3 Nf6 6. d3 O-O 7. O-O Nbd7 8. c4 Nc5 9. Nc3 c6 10. cxd5 Nxb3 11. Qxb3 Nxd5 12. Nxd5 Qxd5 13. Qxd5 cxd5 14. d4 Bf5 15. Bd2 Rfc8 16. Rfc1 f6 17. Rxc8+ Rxc8 18. Rc1 Rxc1+ 19. Bxc1 e6 20. Bd2 Bf8 21. Kf2 Bd6 22. a3 Kf7 23. Ke2 h6 24. Bb4 Bc7 25. h4 h5 26. g3 Ke8 27. Kd2 Be4 28. Ng1 Kd7 29. a4 Bd8 30. Bc5 a6 31. Bf8 Ba5+ 32. b4 Bd8 33. Ne2 Bc7 34. a5 Bd8 35. Nc3 Bf5 36. Bc5 Kc6 37. Bf8 g5 38. hxg5 fxg5 39. fxg5 Bxg5 40. Ne2 Kb5 41. Nf4 h4 42. gxh4 Bxh4 43. Nh5 Bg5 44. Bc5 Kc6 45. Ng7 Bg4 46. Kd3 Kd7 47. e4 Bf6 48. Bf8 Bf3 49. e5 Be7 50. Bxe7 Kxe7 51. b5 Kf7 52. Kc3 Kxg7 53. Kb4 Be2 54. bxa6 bxa6 55. Kc5 Kg6 56. Kd6 0-1

[Event "JUG Team Ch"]
[Site "Zlatibor"]
[Date "1989.??.??"]
[Round "?"]
[White "Rasidovic, Sead"]
[Black "Todorovic, Milorad"]
[Result "1-0"]
[WhiteElo "2365"]
[BlackElo "2410"]
[PlyCount "47"]
[EventDate "1989.??.??"]
[Source "www.chesslib.no"]
[SourceDate "2004.05.04"]

1. e3 e5 2. d4 Nc6 3. Nc3 Nf6 4. dxe5 Nxe5 5. Nf3 Nxf3+ 6. Qxf3 d5 7. h3 Bb4 8. Bd3 O-O 9. O-O c5 10. Rd1 Bxc3 11. bxc3 Qa5 12. c4 dxc4 13. Bd2 Qa4 14. Be2 Be6 15. Bc3 Nd7 16. Rd6 Qa3 17. e4 b5 18. Qg3 Nf6 19. Rd3 Ng4 20. Re3 Qa4 21. Bxg4 Bxg4 22. Qxg4 f6 23. Rg3 g6 24. Qe6+ 1-0